[Event "GER-chT Seniors 09th"]
[Site "Halle"]
[Date "2000.08.23"]
[Round "4.1"]
[White "Oldach, Ehrenfried"]
[Black "Franz, Joachim"]
[Result "0-1"]
[WhiteElo "1950"]
[BlackElo "2231"]
[PlyCount "127"]
[EventDate "2000.08.20"]
[EventType "team-tourn"]
[EventRounds "7"]
[EventCountry "GER"]
[SourceTitle "EXT 2002"]
[Source "ChessBase"]
[SourceDate "2001.11.25"]
[SourceVersion "1"]
[SourceVersionDate "2001.11.25"]
[SourceQuality "1"]

1. e4 e6 2. d4 d5 3. Nc3 Bb4 4. e5 Ne7 5. a3 Bxc3+ 6. bxc3 b6 7. Qg4 Ng6 8. h4 h5 9. Qg3 Ba6 10. Bxa6 Nxa6 11. Ne2 Qd7 12. a4 0-0-0 13. Qd3 Kb7 14. Bg5 Ra8 15. 0-0 c5 16. Rfb1 c4 17. Qe3 Raf8 18. Nf4 Nxf4 19. Bxf4 Nb8 20. a5 b5 21. Qc1 a6 22. Qa3 Rc8 23. Bg5 Rhe8 24. Rf1 Nc6 25. Qc5 Ka8 26. f4 Nxe5 27. Qxc8+ Rxc8 28. fxe5 Qc7 29. Rf3 Rb8 30. Bd2 Rf8 31. Bg5 Qa7 32. Rb1 Rb8 33. Rbf1 Rf8 34. Rb1 Qc7 35. Ra1 Kb7 36. Kh1 Kc6 37. Kg1 Qa7 38. Rb1 Rb8 39. Rbf1 Rf8 40. Rb1 Qd7 41. Rbf1 Qc7 42. Ra1 Kd7 43. Kh1 Ke8 44. Kg1 Rh8 45. Kh1 Kf8 46. Raf1 Kg8 47. R3f2 Qxa5 48. Rxf7 Qxc3 49. Re7 Qxc2 50. Rxe6 Qe2 51. Rf4 c3 52. Re7 c2 53. Rff7 c1Q+ 54. Bxc1 Qe1+ 55. Kh2 Qxh4+ 56. Kg1 Qxd4+ 57. Kh1 Qg4 58. e6 d4 59. Re8+ Kh7 60. Rxh8+ Kxh8 61. e7 Qh4+ 62. Kg1 Qe1+ 63. Kh2 Kh7 64. Bd2 0-1

[Event "GER-chT Seniors 09th"]
[Site "Halle"]
[Date "2000.08.21"]
[Round "2.1"]
[White "Jugow, Alexander"]
[Black "Franz, Joachim"]
[Result "1/2-1/2"]
[WhiteElo "2177"]
[BlackElo "2231"]
[PlyCount "86"]
[EventDate "2000.08.20"]
[EventType "team-tourn"]
[EventRounds "7"]
[EventCountry "GER"]
[SourceTitle "EXT 2002"]
[Source "ChessBase"]
[SourceDate "2001.11.25"]
[SourceVersion "1"]
[SourceVersionDate "2001.11.25"]
[SourceQuality "1"]

1. d4 e6 2. c4 f5 3. g3 Nf6 4. Bg2 Bb4+ 5. Bd2 Be7 6. Nc3 0-0 7. e3 d6 8. Qb3 c6 9. Nge2 Kh8 10. 0-0 Na6 11. Rad1 Qc7 12. e4 e5 13. Qc2 fxe4 14. Nxe4 Bf5 15. dxe5 dxe5 16. N2c3 Rad8 17. Be3 Ng4 18. Bc1 Rd4 19. Qe2 Nc5 20. h3 Nxe4 21. Bxe4 Bxe4 22. Nxe4 Nf6 23. Ng5 Qd7 24. Be3 Rxd1 25. Rxd1 Qf5 26. g4 Qg6 27. Ne6 Ra8 28. f4 exf4 29. Bxf4 Ne4 30. Nc7 Rf8 31. Rf1 Bc5+ 32. Kg2 h6 33. Bh2 Rxf1 34. Kxf1 Bb6 35. Kg2 Kg8 36. b4 Bxc7 37. Bxc7 Nc3 38. Qe3 Qc2+ 39. Kf3 Qd1+ 40. Kg3 Nxa2 41. Qe6+ Kh7 42. Qf5+ Kg8 43. Qe6+ Kh7 1/2-1/2

[Event "Bevensen op Seniors 2nd "]
[Site "Bad Bevensen"]
[Date "1999.06.23"]
[Round "5"]
[White "Kotzem, Ernst"]
[Black "Franz, Joachim"]
[Result "1-0"]
[WhiteElo "201"]
[BlackElo "2222"]
[PlyCount "73"]
[EventDate "1999.06.??"]
[EventType "swiss"]
[EventRounds "9"]
[EventCountry "GER"]
[SourceTitle "EXT 2006"]
[Source "ChessBase"]
[SourceDate "2005.11.24"]
[SourceVersion "1"]
[SourceVersionDate "2005.11.24"]
[SourceQuality "1"]

1. e4 c5 2. Nf3 Nc6 3. Bb5 g6 4. 0-0 Nf6 5. Re1 Bg7 6. c3 0-0 7. d4 cxd4 8. cxd4 d5 9. e5 Ne4 10. h3 Qb6 11. Bxc6 bxc6 12. Nc3 Nxc3 13. bxc3 Bf5 14. Ba3 Rfe8 15. Bc5 Qa6 16. g4 Bd7 17. Ng5 f6 18. e6 Bc8 19. Nf3 Rb8 20. Rb1 Rb7 21. Rxb7 Qxb7 22. Qc2 Qc7 23. Qa4 a5 24. c4 Kf8 25. cxd5 cxd5 26. Qb5 Qf4 27. Kg2 f5 28. gxf5 Qxf5 29. Qc6 Bf6 30. Re3 g5 31. Ne5 Bxe5 32. Rxe5 Qb1 33. Bxe7+ Rxe7 34. Qxc8+ Kg7 35. Qd8 Qb7 36. Rxg5+ Kh6 37. h4 1-0

[Event "Bevensen op Seniors 2nd "]
[Site "Bad Bevensen"]
[Date "1999.06.22"]
[Round "4"]
[White "Franz, Joachim"]
[Black "Detert, Heinz"]
[Result "1-0"]
[WhiteElo "2222"]
[BlackElo "1937"]
[PlyCount "27"]
[EventDate "1999.06.??"]
[EventType "swiss"]
[EventRounds "9"]
[EventCountry "GER"]
[SourceTitle "EXT 2006"]
[Source "ChessBase"]
[SourceDate "2005.11.24"]
[SourceVersion "1"]
[SourceVersionDate "2005.11.24"]
[SourceQuality "1"]

1. e4 c5 2. Nc3 Nc6 3. f4 e6 4. Nf3 d5 5. Bb5 Nge7 6. exd5 exd5 7. Qe2 Be6 8. Bxc6+ bxc6 9. 0-0 h6 10. b3 g6 11. Ba3 Qa5 12. Na4 c4 13. Nd4 Kd7 14. Qe5 1-0

[Event "Bevensen op Seniors 2nd "]
[Site "Bad Bevensen"]
[Date "1999.06.20"]
[Round "2"]
[White "Franz, Joachim"]
[Black "Piastowski, Kurt"]
[Result "1/2-1/2"]
[WhiteElo "2222"]
[BlackElo "1856"]
[PlyCount "113"]
[EventDate "1999.06.??"]
[EventType "swiss"]
[EventRounds "9"]
[EventCountry "GER"]
[SourceTitle "EXT 2006"]
[Source "ChessBase"]
[SourceDate "2005.11.24"]
[SourceVersion "1"]
[SourceVersionDate "2005.11.24"]
[SourceQuality "1"]

1. e4 g6 2. d4 Bg7 3. Nc3 d6 4. f4 c6 5. Nf3 Nd7 6. e5 Nb6 7. Be3 Bg4 8. h3 Bxf3 9. Qxf3 e6 10. Ne4 Nc8 11. 0-0-0 d5 12. Nf2 Nge7 13. g4 Qa5 14. Kb1 b5 15. Nd3 Qc7 16. Nc5 Nb6 17. Bd3 Nd7 18. Nxd7 Qxd7 19. Rhg1 Bf8 20. Rdf1 h5 21. f5 hxg4 22. hxg4 gxf5 23. gxf5 Nxf5 24. Bxf5 exf5 25. Qxf5 Qxf5 26. Rxf5 Rh7 27. Rgf1 Rc8 28. a3 Rc7 29. Kc1 Re7 30. Kd2 Re6 31. R1f3 Rg6 32. Rf6 Rxf6 33. Rxf6 Kd7 34. e6+ Ke7 35. Bg5 Rg7 36. Rg6+ Ke8 37. exf7+ Kxf7 38. Rf6+ Ke8 39. Bf4 Rf7 40. Rxf7 Kxf7 41. Kc3 Ke6 42. Bb8 a6 43. Ba7 Be7 44. Bc5 Bd8 45. Bf8 Bb6 46. Kd3 Kf5 47. b3 Ke6 48. c4 Bd8 49. cxb5 cxb5 50. a4 bxa4 51. bxa4 Ba5 52. Bc5 Kd7 53. Kc2 Kc6 54. Kb3 Be1 55. Bb4 Bxb4 56. Kxb4 Kb6 57. Ka3 1/2-1/2